000 00348nam a22001337a 4500
040 _cFIZZA ISHAQ
082 _a624.202
_bMOH
100 _aKHAN, A. MOHIUDDIN.
_990452
245 _aBRIDGE AND HIGHWAYSTRUSTURE REHABILITATION /
_cMOHIUDDIN A. KHAN.
250 _a1st ED.
260 _bMC GRAW HILL,
_c2010.
300 _a656 P. ;
942 _2ddc
_cBK
999 _c588665
_d588665